Normal view
MARC view
Entry Corporate Name
001 - CONTROL NUMBER
- control field: 506
003 - CONTROL NUMBER IDENTIFIER
- control field: BD-RjUL
005 - DATE AND TIME OF LATEST TRANSACTION
- control field: 20220104131507.0
008 - FIXED-LENGTH DATA ELEMENTS
- fixed length control field: 220104|| aca||aabn | a|a d
040 ## - CATALOGING SOURCE
- Original cataloging agency: BD-RjUL
- Transcribing agency: BD-RjUL
110 ## - HEADING--CORPORATE NAME
- Corporate name or jurisdiction name as entry element: Khoda Bakhsh Oriental Public Library ;; خدا بخش أوريينتال پابليك لايبريري
670 ## - SOURCE DATA FOUND
- Source citation: Work cat.: (BD-RjUL)79118: Khoda Bakhsh Oriental Public Library ;; خدا بخش أوريينتال پابليك لايبريري, فهرست دستي كتب قلمي لابريري موقوفه خان بهادر خدا بخش... مسمى به مفتاح الكنوز الخفية ;; faharasat disti katab qalami labriri mawqufah khan bihadir khada bikhash... musamaa bih miftah alkunuz alkhafia, ١٩١٨-١٩٢٥.